000 00557nam a2200181Ia 4500
003 GCL
008 140319s9999 xx 000 0 ara d
040 _aGCL /
_cGCL
082 0 4 _aد
_b050
_bم ف
100 1 _aمعهد الانماء العربى
245 1 0 _aالفكر العربي /
_cمعهد الانماء العربى
260 _a[S.N] :
_bمعهد الانتماء العربى
300 _a399
650 0 4 _aالسياسة
650 0 4 _aالسياسة الخارجية
650 0 4 _aالسياسة الاجتماعية
942 _2ddc
_cCF
999 _c27016
_d27016